Países más Poblados - 1000 DC - Estadísticas

Estadísticas generales
  • Esta prueba ha sido intentada 1.717 veces
  • La puntuación promedio es 13 de 17
Estadísticas de respuestas
Población País % Correcto
58 M China
98%
4 M España
95%
73 M India
93%
5 M Francia
92%
4 M Italia
92%
3 M Alemania
90%
6 M Japón
89%
4 M Egipto
87%
7 M Turquía
82%
6 M México
78%
4 M Irán
76%
5 M Indonesia
71%
4 M Pakistán
67%
3 M Perú
60%
9 M Bangladés
51%
4 M Nigeria
50%
3 M Sudán
34%
No se encontraron pruebas coincidentes
Distribución de puntuación
Porcentaje de gente con cada puntuación
Porcentaje por número respondido
Historial de tus puntuaciones
No has intentado esta prueba.